Soccer Word Chain - Easy - Statistics

General Stats
  • This quiz has been taken 73 times
  • The average score is 9 of 15
Answer Stats
Hint Answer % Correct
Portuguese player earning $428 dollars every minute Ronaldo
100%
English team known for their 'Invincibles' season Arsenal
97%
German team that went undefeated in the Bundesliga in 2024 Leverkusen
94%
Brazil's all time top goal scorer Neymar
92%
When a game is tied at the end of 90 minutes in the Carabao Cup Final, it goes to this Extra Time
72%
The only goalkeeper to have won the Ballon d'Or Yashin
65%
17 year old wonderkid who just played his last game for Palmeiras before transferring to Real Madrid Endrick
62%
Instead of a throw in, in futsal they do this Kick In
60%
German midfielder who retired in March 2023 at the age of 34 Ozil
60%
Team who lost to Southampton in the 2024 Championship Playoff Final Leeds
54%
English team who holds the record for least amount of points in an EPL season Derby
38%
A team name shared by teams in both the Australian A-League and the EPL Newcastle
38%
Ted Lasso's fictional football club Richmond
38%
A defender who plays very far back, defending his own net from crosses and attacks Sweeper
35%
Arsenal player who won the PL Castrol Game Changer of the Season in 2023 Nelson
14%
No matching quizzes found
Score Distribution
Percent of People with Each Score
Percentile by Number Answered
Your Score History
You have not taken this quiz